| 000 | 00464nam a2200133Ia 4500 | ||
|---|---|---|---|
| 008 | 171212s9999 xx 000 0 und d | ||
| 020 | _a9780853238393 | ||
| 100 | _aPedlar, Valerie | ||
| 245 |
_cPedlar, Valerie _aThe Most Dreadful Visitation _bMale Madness in Victorian Fiction |
||
| 260 |
_bLiverpool University Press _c2006 |
||
| 440 | _aLiverpool English Texts and Studies | ||
| 650 | _aLanguage & Literature | ||
| 856 | _uhttp://www.jstor.org/stable/j.ctt5vjmzb | ||
| 999 |
_c351508 _d351508 |
||